Fr. Conceicao Rodrigues College of Engineering

Sheet Metal Production (Record no. 20609)

MARC details
000 -LEADER
fixed length control field 00281nam a2200133Ia 4500
082 ## - DEWEY DECIMAL CLASSIFICATION NUMBER
Classification number 671.8
100 ## - MAIN ENTRY--PERSONAL NAME
Personal name Longton/J.W
245 ## - TITLE STATEMENT
Title Sheet Metal Production
260 ## - PUBLICATION, DISTRIBUTION, ETC.
Name of publisher, distributor, etc. Sir ISAAC Pitman & Sons Ltd.
Date of publication, distribution, etc. 1967
300 ## - PHYSICAL DESCRIPTION
Extent 191
546 ## - LANGUAGE NOTE
Language note ENGLISH
654 ## - SUBJECT ADDED ENTRY--FACETED TOPICAL TERMS
Focus term metal
942 ## - ADDED ENTRY ELEMENTS (KOHA)
Koha item type BOOK
Holdings
Withdrawn status Lost status Damaged status Not for loan Collection Home library Current library Date acquired Cost, normal purchase price Inventory number Total Checkouts Full call number Barcode Date last seen Cost, replacement price Price effective from Koha item type
        AFT Fr. Agnel's C.Rodrigues College of Engineering Fr. Agnel's C.Rodrigues College of Engineering 17/03/2023 48.00 219   671.8 AFT1211 17/03/2023 48.00 17/03/2023 BOOK